Money, banking, trade and public finance / (Record no. 2059)
[ view plain ]
| 000 -LEADER | |
|---|---|
| fixed length control field | 00737nam a22002412 4500 |
| 001 - CONTROL NUMBER | |
| control field | 0000002947 |
| 005 - DATE AND TIME OF LATEST TRANSACTION | |
| control field | 20151217145731.0 |
| 008 - FIXED-LENGTH DATA ELEMENTS--GENERAL INFORMATION | |
| fixed length control field | 070424s xx 000 0 eng d |
| 020 ## - INTERNATIONAL STANDARD BOOK NUMBER | |
| International Standard Book Number | 8122409415 : |
| Terms of availability | KES 480 |
| 040 ## - CATALOGING SOURCE | |
| Original cataloging agency | KABU |
| Transcribing agency | KABU |
| 050 #0 - LIBRARY OF CONGRESS CALL NUMBER | |
| Classification number | HG221 |
| Item number | .V357 1996 |
| 100 1# - MAIN ENTRY--PERSONAL NAME | |
| Personal name | Vaish, M. C. |
| -- | 0000152483 |
| 245 10 - TITLE STATEMENT | |
| Title | Money, banking, trade and public finance / |
| Statement of responsibility, etc. | M. C. Vaish. |
| 250 ## - EDITION STATEMENT | |
| Edition statement | 3rd updated ed. |
| 260 ## - PUBLICATION, DISTRIBUTION, ETC. (IMPRINT) | |
| Place of publication, distribution, etc. | New Delhi : |
| Name of publisher, distributor, etc. | New Age International, |
| Date of publication, distribution, etc. | c1996. |
| 300 ## - PHYSICAL DESCRIPTION | |
| Extent | xvi, 782 p. ; |
| Dimensions | 22 cm. |
| 650 #0 - SUBJECT ADDED ENTRY--TOPICAL TERM | |
| Topical term or geographic name as entry element | Money. |
| -- | 0000152427 |
| 650 #0 - SUBJECT ADDED ENTRY--TOPICAL TERM | |
| Topical term or geographic name as entry element | International finance. |
| -- | 0000149975 |
| 650 #0 - SUBJECT ADDED ENTRY--TOPICAL TERM | |
| Topical term or geographic name as entry element | Finance, Public. |
| -- | 0000152484 |
| 908 ## - PUT COMMAND PARAMETER (RLIN) | |
| Put command parameter | 070424 |
| 950 ## - LOCAL HOLDINGS (RLIN) | |
| -- | 1 |
| Withdrawn status | Lost status | Source of classification or shelving scheme | Not for loan | Home library | Current library | Date acquired | Total Checkouts | Total Renewals | Full call number | Barcode | Date last seen | Date last checked out | Price effective from | Koha item type |
|---|---|---|---|---|---|---|---|---|---|---|---|---|---|---|
| Library of Congress Classification | Kabarak, Main Campus | Kabarak, Main Campus | 17/12/2015 | 3 | HG221 .V357 1996 | 005286 | 30/03/2021 | 12/03/2021 | 17/12/2015 | General Collection | ||||
| Library of Congress Classification | Kabarak, Nakuru City Campus | Kabarak, Nakuru City Campus | 17/12/2015 | 4 | 1 | HG221 .V357 1996 c.1 | 005287 | 23/08/2022 | 26/08/2019 | 17/12/2015 | General Collection |